| 000 | 00348nam a2200133Ia 4500 | ||
|---|---|---|---|
| 008 | 190216s9999||||xx |||||||||||||| ||und|| | ||
| 100 | _aBasavaraju.G And Dipan Ghosh | ||
| 245 | 0 | _aMechanics And Themodynamics | |
| 250 | _a1st Ed. | ||
| 260 |
_bTata Mcgraw Hill Publishing Company Ltd _c1984 |
||
| 300 | _a481 | ||
| 650 | _aChemistry | ||
| 942 | _cBK | ||
| 999 |
_c32947 _d32947 |
||